Servicio de agua, saneamiento básico y su relación con los objetivos de desarrollo del milenio. (Registro nro. 2381)
[ vista simple ]
| 000 -LEADER | |
|---|---|
| campo de control de longitud fija | 02572nam a22003257a 4500 |
| 001 - NÚMERO DE CONTROL | |
| campo de control | 42835 |
| 003 - IDENTIFICADOR DE NÚMERO DE CONTROL | |
| campo de control | gtgccic |
| 005 - FECHA Y HORA DE LA ÚLTIMA TRANSACCIÓN | |
| campo de control | 20251022122249.0 |
| 007 - CAMPO FIJO DE DESCRIPCIÓN FÍSICA--INFORMACIÓN GENERAL | |
| campo de control de longitud fija | ta |
| 008 - DATOS DE LONGITUD FIJA--INFORMACIÓN GENERAL | |
| campo de control de longitud fija | 251022b gt ||||| |||| 00| 0 spa d |
| 040 ## - FUENTE DE CATALOGACIÓN | |
| Centro catalogador/agencia de origen | gtgccic |
| Lengua de catalogación | spa |
| Centro/agencia transcriptor | gtgccic |
| Normas de descripción | rda |
| 084 ## - OTRO NÚMERO DE CLASIFICACIÓN | |
| Número de control del registro de autoridad o número normalizado | TPI-15-0077 |
| 100 10 - ENTRADA PRINCIPAL--NOMBRE DE PERSONA | |
| Nombre de persona | Frendy Emilio Palma Orellana |
| Fechas asociadas al nombre | Ingeniero Ambiental |
| Término indicativo de función/relación | autor |
| 245 10 - MENCIÓN DEL TÍTULO | |
| Título | Servicio de agua, saneamiento básico y su relación con los objetivos de desarrollo del milenio. |
| Resto del título | Estudio de caso: Santa Cruz Naranjo, Santa Rosa / |
| Mención de responsabilidad, etc. | Palma Orellana, Frendy Emilio |
| 264 #1 - PRODUCCIÓN, PUBLICACIÓN, DISTRIBUCIÓN, FABRICACIÓN Y COPYRIGHT | |
| Producción, publicación, distribución, fabricación y copyright | Guatemala, Guatemala : |
| Nombre del de productor, editor, distribuidor, fabricante | USAC, Facultad de Ingeniería ; |
| Fecha de producción, publicación, distribución, fabricación o copyright | 2015.- |
| 300 ## - DESCRIPCIÓN FÍSICA | |
| Extensión | xxvi, 122 pag. : |
| Otras características físicas | il. ; |
| Dimensiones | 27 cm |
| 336 ## - TIPO DE CONTENIDO | |
| Fuente | rdacontenido |
| Término de tipo de contenido | Texto |
| Código de tipo de contenido | txt |
| 337 ## - TIPO DE MEDIO | |
| Fuente | rdamedio |
| Nombre/término del tipo de medio | sin mediación |
| Código del tipo de medio | n |
| 338 ## - TIPO DE SOPORTE | |
| Fuente | rdasoporte |
| Nombre/término del tipo de soporte | volumen |
| Código del tipo de soporte | nc |
| 502 ## - NOTA DE TESIS | |
| Nota de tesis | Tesis Postgrado |
| Tipo de título | MAESTRO EN INGENIERÍA PARA EL DESARROLLO MUNICIPAL |
| Nombre de la institución que otorga el título | USAC, Facultad de Ingeniería, Escuela de Postgrado |
| Año de obtención del título | 2015 |
| Identificador de la tesis | TPI-15-0077 |
| 504 ## - NOTA DE BIBLIOGRAFÍA, ETC. | |
| Nota de bibliografía, etc. Nota | Bibliografía pag. 87 |
| 505 ## - NOTA DE CONTENIDO CON FORMATO | |
| Título | 1. MARCO REFERENCIAL |
| 505 ## - NOTA DE CONTENIDO CON FORMATO | |
| Título | 2. MARCO TEÓRICO Y CONCEPTUAL |
| 505 ## - NOTA DE CONTENIDO CON FORMATO | |
| Título | 3. PRESENTACIÓN DE RESULTADOS |
| 505 ## - NOTA DE CONTENIDO CON FORMATO | |
| Título | 4. DISCUSIÓN DE RESULTADOS |
| 520 #3 - RESUMEN, ETC. | |
| Sumario, etc. | Guatemala, reúne las condiciones naturales favorables que le permiten contar con abundante agua para las personas, el ambiente y la productividad económica. Entre ríos y manantiales subterráneos, Guatemala, dispone al año de 97 mil millones metros cúbicos de agua, que equivalen a más de siete veces el límite de riesgo hídrico conforme al estándar internacional; de dicho volumen total anual sólo se aprovecha el 10% a nivel nacional. En el año de 1990, Guatemala, suscribe un convenio donde se compromete al cumplimiento de metas y objetivos de desarrollo a cumplirse en el año 2015. La Asamblea General de las Naciones Unidas, de la cual el Estado de Guatemala es miembro, se comprometió en el año 2000 con una agenda de desarrollo que fija objetivos a ser alcanzados en el año 2015. Ésta tomó el nombre de declaración del Milenio y los ocho objetivos allí consignados son conocidos como objetivos de desarrollo del milenio (ODM). De los ocho ODM, únicamente la meta 7C que dice reducir a la mitad, para el año 2015, el porcentaje de familias sin acceso a agua potable y servicios de saneamiento, del ODM 7 es de competencia municipal, el cual debe impulsar con el apoyo del Instituto de Fomento Municipal y el Ministerio de Salud Pública y Asistencia Social. |
| 700 ## - ENTRADA AGREGADA--NOMBRE PERSONAL | |
| Nombre de persona | Dr. Norman Octavio Mendoza Domínguez |
| Término indicativo de función/relación | asesor |
| 942 ## - ELEMENTOS DE ENTRADA SECUNDARIOS (KOHA) | |
| Fuente de la clasificación o esquema de estantería | Clasificación Decimal Dewey |
| Tipo de ítem Koha | TESISPOSTGRADO |
| 945 ## - PROCESAMIENTO DE INFORMACIÓN LOCAL (OCLC) | |
| a | amlo |
| Estatus retirado | Estado de pérdida | Fuente de la clasificación o esquema de estantería | Estado de daño | No para préstamo | Biblioteca de origen | Biblioteca actual | Fecha de adquisición | Número de inventario | Total de préstamos | Signatura topográfica completa | Código de barras | Visto por última vez | Precio de reemplazo | Tipo de ítem Koha | Nota pública |
|---|---|---|---|---|---|---|---|---|---|---|---|---|---|---|---|
| Clasificación Decimal Dewey | CENTRO DE INFORMACIÓN A LA CONSTRUCCIÓN-CICON | CENTRO DE INFORMACIÓN A LA CONSTRUCCIÓN-CICON | 22/10/2025 | P20150077 | TPI-15-0077 | 20150077 | 22/10/2025 | 22/10/2025 | TESISPOSTGRADO | disponible |